La sociología de la comunicación de masas en los Estados Unidos (Record no. 138903)

MARC details
000 -LEADER
campo de control de longitud fija 00640nam a2200205 4500
001 - NÚMERO DE CONTROL
campo de control 138903
003 - IDENTIFICADOR DE NÚMERO DE CONTROL
campo de control ES-MaACL
007 - CAMPO FIJO DE DESCRIPCIÓN FÍSICA--INFORMACIÓN GENERAL
campo de control de longitud fija t|
008 - DATOS DE LONGITUD FIJA--INFORMACIÓN GENERAL
campo de control de longitud fija 070214s1985 sp r ||||1| spa d
020 ## - NÚMERO INTERNACIONAL ESTÁNDAR DEL LIBRO
Número Internacional Estándar del Libro 84-344-1044-3
100 1# - ENTRADA PRINCIPAL--NOMBRE DE PERSONA
Nombre de persona Saperas, Enric.
9 (RLIN) 103712
245 13 - MENCIÓN DEL TÍTULO
Título La sociología de la comunicación de masas en los Estados Unidos
Resto del título : una introducción crítica /
Mención de responsabilidad, etc. Enric Saperas.
250 ## - MENCION DE EDICION
Mención de edición 1ª. ed.
260 ## - PUBLICACIÓN, DISTRIBUCIÓN, ETC.
Lugar de publicación, distribución, etc. Barcelona :
Nombre del editor, distribuidor, etc. Ariel,
Fecha de publicación, distribución, etc. 1985.
300 ## - DESCRIPCIÓN FÍSICA
Extensión 280 p. ;
Dimensiones 21 cm.
490 1# - MENCIÓN DE SERIE
Mención de serie Ariel comunicación ;
Designación de volumen o secuencia 45
830 0# - PUNTO DE ACCESO ADICIONAL DE SERIE-TÍTULO UNIFORME
Título uniforme Ariel comunicación ;
Designación de volumen o secuencia 45
9 (RLIN) 187110
852 ## - LOCALIZACIÓN
Ubicación ES-MaACL
Número de control de estantería L-8763
Sublocalización o colección R.110360
Holdings
Estatus retirado Estado de pérdida Estado de daño No para préstamo Biblioteca de origen Biblioteca actual Ubicación en estantería Fecha de adquisición Fuente de adquisición Total de préstamos Signatura topográfica completa Código de barras Visto por última vez Precio de reemplazo Tipo de ítem Koha
        Biblioteca del Ateneo de Madrid Biblioteca del Ateneo de Madrid Depósito 2 17/01/2008     L-8763 1144545 23/02/2023 23/02/2023 Libro impreso